[Event "FRA-chTW Top 12 2019"]
[Site "Vandoeuvre"]
[Date "2019.05.03"]
[Round "2.6"]
[White "Le Du, Maelle"]
[Black "Bismuth, Lea"]
[Result "0-1"]
[WhiteElo "1673"]
[BlackElo "1956"]
[Annotator "NA"]
[PlyCount "90"]
[EventDate "2019.05.02"]
[EventType "team-tourn"]
[EventCountry "FRA"]
[SourceTitle "playchess.com"]
[Source "ChessBase"]
[SourceQuality "1"]
[TimeControl "40/5400+30:1800+30"]

1. d4 {[%emt 0:00:00]} Nf6 {[%emt 0:00:00]} 2. Nf3 {[%emt 0:00:00]} g6 {[%emt 0:00:00]} 3. e3 {[%emt 0:00:07]} Bg7 {[%emt 0:00:00]} 4. Bd3 {[%emt 0:00:38]} c5 {[%emt 0:01:36]} 5. O-O {[%emt 0:01:40]} cxd4 {[%emt 0:00:34]} 6. exd4 {[%emt 0:02:08]} O-O {[%emt 0:01:51]} 7. c3 {[%emt 0:10:28]} Nc6 {[%emt 0:01:01]} 8. Bg5 {[%emt 0:03:37]} d6 {[%emt 0:02:37]} 9. Re1 {[%emt 0:15:29]} Re8 {[%emt 0:00:46]} 10. Nbd2 {[%emt 0:04:00]} Qc7 {[%emt 0:04:33]} 11. Re2 {[%emt 0:10:33]} Bd7 {[%emt 0:11:49]} 12. Qc2 {[%emt 0:07:49]} Rac8 {[%emt 0:02:45]} 13. Rae1 {[%emt 0:03:17]} Kf8 {[%emt 0:10:36]} 14. a3 {[%emt 0:09:49]} e5 {[%emt 0:01:37]} 15. dxe5 {[%emt 0:01:05]} dxe5 {[%emt 0:00:16]} 16. h3 {[%emt 0:08:00]} Nd5 {[%emt 0:05:07]} 17. g4 {[%emt 0:14:58]} f6 {[%emt 0:01:41]} 18. Be3 {[%emt 0:01:15]} Nce7 {[%emt 0:08:16]} 19. Nh4 {[%emt 0:02:26]} Nxe3 {[%emt 0:01:49]} 20. Rxe3 {[%emt 0:00:23]} Nd5 {[%emt 0:00:40]} 21. Re4 {[%emt 0:01:16]} Nf4 {[%emt 0:04:01]} 22. R1e3 {[%emt 0:00:32]} Bc6 {[%emt 0:02:31]} 23. Rc4 {[%emt 0:00:24]} Qd6 {[%emt 0:12:09]} 24. Ne4 {[%emt 0:01:19]} Qe7 {[%emt 0:02:27]} 25. Ng2 {[%emt 0:00:39]} b5 {[%emt 0:01:29]} 26. Rc5 {[%emt 0:00:31]} Nxg2 {[%emt 0:00:56]} 27. Kxg2 {[%emt 0:00:23]} Bxe4+ {[%emt 0:00:11]} 28. Rxe4 {[%emt 0:00:17]} Qxc5 {[%emt 0:00:43]} 29. Qe2 {[%emt 0:00:25]} a6 {[%emt 0:01:32]} 30. c4 {[%emt 0:00:25]} bxc4 {[%emt 0:03:43]} 31. Bxc4 {[%emt 0:00:28]} a5 {[%emt 0:01:36]} 32. Kg3 {[%emt 0:01:04]} Red8 {[%emt 0:01:52]} 33. b4 {[%emt 0:00:33]} axb4 {[%emt 0:00:21]} 34. axb4 {[%emt 0:00:05]} Qxb4 {[%emt 0:01:45]} 35. Be6 {[%emt 0:00:46]} Rc3+ {[%emt 0:01:25]} 36. f3 {[%emt 0:00:13]} Qa3 {[%emt 0:00:50]} 37. Bc4 {[%emt 0:00:44]} Qc1 {[%emt 0:02:08]} 38. Kh4 {[%emt 0:00:38]} f5 {[%emt 0:01:49]} 39. gxf5 {[%emt 0:00:33]} gxf5 {[%emt 0:00:07]} 40. Qa2 {[%emt 0:00:23]} fxe4 {[%emt 0:01:39]} 41. Bg8 {[%emt 0:30:18]} Qf4+ {[%emt 0:31:19]} 42. Kh5 {[%emt 0:00:13]} Qf5+ {[%emt 0:01:38]} 43. Kh4 {[%emt 0:00:14]} Rxf3 {[%emt 0:00:16]} 44. Qf7+ {[%emt 0:00:46]} Qxf7 {[%emt 0:00:09]} 45. Bxf7 {[%emt 0:00:04]} Kxf7 {[%emt 0:00:24]} 0-1

[Event "FRA-chTW Top 12 2019"]
[Site "Vandoeuvre"]
[Date "2019.05.03"]
[Round "2.6"]
[White "Gospodaru, Teodora"]
[Black "Thomas, Anysia"]
[Result "1/2-1/2"]
[WhiteElo "1434"]
[BlackElo "2178"]
[Annotator "NA"]
[PlyCount "146"]
[EventDate "2019.05.02"]
[EventType "team-tourn"]
[EventCountry "FRA"]
[SourceTitle "playchess.com"]
[Source "ChessBase"]
[SourceQuality "1"]
[TimeControl "40/5400+30:1800+30"]

1. d4 {[%emt 0:00:00]} Nf6 {[%emt 0:00:00]} 2. c4 {[%emt 0:00:00]} g6 {[%emt 0:00:00]} 3. Nf3 {[%emt 0:00:00]} Bg7 {[%emt 0:00:00]} 4. Nc3 {[%emt 0:00:16]} d5 {[%emt 0:00:00]} 5. Bg5 {[%emt 0:00:10]} Ne4 {[%emt 0:00:04]} 6. cxd5 {[%emt 0:01:51]} Nxg5 {[%emt 0:00:21]} 7. Nxg5 {[%emt 0:00:14]} e6 {[%emt 0:00:37]} 8. Nf3 {[%emt 0:00:48]} exd5 {[%emt 0:00:09]} 9. e3 {[%emt 0:00:14]} O-O {[%emt 0:00:37]} 10. Bd3 {[%emt 0:01:56]} c6 {[%emt 0:00:47]} 11. O-O {[%emt 0:01:15]} Be6 {[%emt 0:01:31]} 12. Qe2 {[%emt 0:03:33]} Nd7 {[%emt 0:01:26]} 13. Rac1 {[%emt 0:04:54]} Re8 {[%emt 0:04:29]} 14. h3 {[%emt 0:03:06]} Qf6 {[%emt 0:09:06]} 15. b4 {[%emt 0:04:16]} Qe7 {[%emt 0:15:03]} 16. Rb1 {[%emt 0:13:42]} Rac8 {[%emt 0:08:27]} 17. Rfc1 {[%emt 0:03:04]} Qf6 {[%emt 0:09:33]} 18. a4 {[%emt 0:59:41]} Bf5 {[%emt 0:01:26]} 19. b5 {[%emt 0:00:00]} Nb6 {[%emt 0:07:29]} 20. a5 {[%emt 0:00:00]} Nc4 {[%emt 0:04:52]} 21. a6 {[%emt 0:00:00]} bxa6 {[%emt 0:03:37]} 22. bxa6 {[%emt 0:00:00]} Bxd3 {[%emt 0:02:52]} 23. Qxd3 {[%emt 0:00:00]} Rb8 {[%emt 0:00:37]} 24. Na4 {[%emt 0:00:00]} Rb5 {[%emt 0:09:50]} 25. Nc5 {[%emt 0:00:00]} Qd6 {[%emt 0:03:29]} 26. Nd2 {[%emt 0:00:00]} Nxd2 {[%emt 0:10:12]} 27. Qxd2 {[%emt 0:00:00]} Bf8 {[%emt 0:02:08]} 28. Rxb5 {[%emt 0:00:00]} cxb5 {[%emt 0:00:06]} 29. Qa5 {[%emt 0:00:00]} b4 {[%emt 0:03:30]} 30. Qxb4 {[%emt 0:00:00]} Rc8 {[%emt 0:00:11]} 31. Rb1 {[%emt 0:00:00]} Qc6 {[%emt 0:01:12]} 32. Qb7 {[%emt 0:00:00]} Bxc5 {[%emt 0:01:08]} 33. Rc1 {[%emt 0:00:00]} Qxb7 {[%emt 0:00:46]} 34. axb7 {[%emt 0:00:00]} Rb8 {[%emt 0:01:25]} 35. Rxc5 {[%emt 0:00:00]} Rxb7 {[%emt 0:00:00]} 36. Rxd5 {[%emt 0:00:00]} Kf8 {[%emt 0:00:00]} 37. Kf1 {[%emt 0:00:00]} Ke7 {[%emt 0:00:00]} 38. Ke2 {[%emt 0:00:00]} Rb2+ {[%emt 0:01:02]} 39. Kf3 {[%emt 0:00:00]} Ra2 {[%emt 0:00:15]} 40. g3 {[%emt 0:00:11]} a5 {[%emt 0:00:03]} 41. Ke4 {[%emt 0:30:09]} a4 {[%emt 0:30:12]} 42. Ra5 {[%emt 0:00:58]} Rxf2 {[%emt 0:01:23]} 43. Rxa4 {[%emt 0:00:13]} Rg2 {[%emt 0:00:21]} 44. Kf3 {[%emt 0:00:48]} Rg1 {[%emt 0:00:35]} 45. Ra5 {[%emt 0:00:53]} Rf1+ {[%emt 0:00:25]} 46. Ke2 {[%emt 0:01:05]} Rg1 {[%emt 0:00:45]} 47. Kf2 {[%emt 0:00:14]} Rd1 {[%emt 0:00:07]} 48. h4 {[%emt 0:00:49]} h5 {[%emt 0:00:49]} 49. Rg5 {[%emt 0:01:49]} Ke6 {[%emt 0:00:43]} 50. Ke2 {[%emt 0:00:58]} Ra1 {[%emt 0:01:20]} 51. Rc5 {[%emt 0:03:39]} Rg1 {[%emt 0:00:00]} 52. Kf2 {[%emt 0:00:32]} Rd1 {[%emt 0:00:00]} 53. Re5+ {[%emt 0:01:23]} Kd6 {[%emt 0:00:36]} 54. Rg5 {[%emt 0:04:19]} Ke6 {[%emt 0:00:08]} 55. Kf3 {[%emt 0:00:00]} Rf1+ {[%emt 0:01:46]} 56. Ke4 {[%emt 0:00:00]} f5+ {[%emt 0:00:00]} 57. Kd3 {[%emt 0:00:00]} Kf6 {[%emt 0:00:00]} 58. d5 {[%emt 0:00:01]} Rd1+ {[%emt 0:00:06]} 59. Kc4 {[%emt 0:00:08]} Rc1+ {[%emt 0:00:59]} 60. Kd4 {[%emt 0:00:08]} Rd1+ {[%emt 0:00:07]} 61. Kc5 {[%emt 0:00:12]} Rc1+ {[%emt 0:00:30]} 62. Kb6 {[%emt 0:01:11]} Rb1+ {[%emt 0:00:48]} 63. Kc7 {[%emt 0:00:41]} Rc1+ {[%emt 0:00:06]} 64. Kd7 {[%emt 0:00:22]} Re1 {[%emt 0:00:32]} 65. d6 {[%emt 0:00:25]} Rxe3 {[%emt 0:00:16]} 66. Kc7 {[%emt 0:00:12]} Rc3+ {[%emt 0:00:26]} 67. Kd8 {[%emt 0:00:52]} Kf7 {[%emt 0:01:21]} 68. Kd7 {[%emt 0:00:24]} Rc5 {[%emt 0:00:22]} 69. Kd8 {[%emt 0:00:22]} Rc6 {[%emt 0:00:40]} 70. Kd7 {[%emt 0:00:08]} Rc5 {[%emt 0:00:30]} 71. Kd8 {[%emt 0:00:05]} Rc6 {[%emt 0:00:41]} 72. Kd7 {[%emt 0:00:06]} Rc5 {[%emt 0:00:29]} 73. Kd8 {[%emt 0:00:05]} Rc6 {[%emt 0:01:07]} 1/2-1/2

[Event "FRA-chTW Top 12 2019"]
[Site "Vandoeuvre"]
[Date "2019.05.03"]
[Round "2.7"]
[White "Steil-Antoni, Fiona"]
[Black "Klipper, Noemie"]
[Result "1-0"]
[WhiteElo "2156"]
[BlackElo "1816"]
[Annotator "NA"]
[PlyCount "55"]
[EventDate "2019.05.02"]
[EventType "team-tourn"]
[EventCountry "FRA"]
[SourceTitle "playchess.com"]
[Source "ChessBase"]
[SourceQuality "1"]
[TimeControl "40/5400+30:1800+30"]

1. e4 {[%emt 0:00:00]} c5 {[%emt 0:00:00]} 2. Nc3 {[%emt 0:00:00]} g6 {[%emt 0:00:00]} 3. f4 {[%emt 0:00:00]} Nc6 {[%emt 0:00:00]} 4. Nf3 {[%emt 0:00:00]} Bg7 {[%emt 0:00:17]} 5. Bb5 {[%emt 0:00:03]} e6 {[%emt 0:00:18]} 6. Bxc6 {[%emt 0:00:21]} bxc6 {[%emt 0:01:03]} 7. O-O {[%emt 0:00:26]} d5 {[%emt 0:01:00]} 8. d3 {[%emt 0:02:01]} Ne7 {[%emt 0:00:48]} 9. Rb1 {[%emt 0:02:01]} O-O {[%emt 0:00:58]} 10. Na4 {[%emt 0:02:43]} Qa5 {[%emt 0:24:34]} 11. b3 {[%emt 0:01:54]} dxe4 {[%emt 0:15:11]} 12. dxe4 {[%emt 0:00:18]} c4 {[%emt 0:08:11]} 13. Qe1 {[%emt 0:05:09]} Qa6 {[%emt 0:09:19]} 14. Be3 {[%emt 0:03:27]} cxb3 {[%emt 0:11:14]} 15. cxb3 {[%emt 0:02:02]} c5 {[%emt 0:08:34]} 16. Nxc5 {[%emt 0:06:19]} Qb5 {[%emt 0:07:02]} 17. Rd1 {[%emt 0:04:34]} Nc6 {[%emt 0:00:36]} 18. e5 {[%emt 0:01:52]} Nb4 {[%emt 0:02:33]} 19. Qh4 {[%emt 0:02:18]} Nd5 {[%emt 0:00:53]} 20. Bf2 {[%emt 0:00:42]} Ba6 {[%emt 0:05:09]} 21. Rfe1 {[%emt 0:01:46]} Rac8 {[%emt 0:00:52]} 22. Ne4 {[%emt 0:01:58]} f5 {[%emt 0:01:30]} 23. Neg5 {[%emt 0:02:33]} h6 {[%emt 0:00:08]} 24. Nxe6 {[%emt 0:00:14]} Rf7 {[%emt 0:00:03]} 25. Nxg7 {[%emt 0:00:36]} Kxg7 {[%emt 0:00:02]} 26. e6 {[%emt 0:02:36]} Rff8 {[%emt 0:01:43]} 27. Bd4+ {[%emt 0:04:24]} Kh7 {[%emt 0:00:17]} 28. Ng5+ {[%emt 0:00:20]} 1-0

[Event "FRA-chTW Top 12 2019"]
[Site "Vandoeuvre"]
[Date "2019.05.03"]
[Round "2.7"]
[White "Marin Benito, Carla"]
[Black "Hamelin, Isabelle"]
[Result "0-1"]
[WhiteElo "1978"]
[BlackElo "1609"]
[Annotator "NA"]
[PlyCount "135"]
[EventDate "2019.05.02"]
[EventType "team-tourn"]
[EventCountry "FRA"]
[SourceTitle "playchess.com"]
[Source "ChessBase"]
[SourceQuality "1"]
[TimeControl "40/5400+30:1800+30"]

1. e4 {[%emt 0:00:00]} e5 {[%emt 0:00:00]} 2. Nc3 {[%emt 0:00:00]} Nc6 {[%emt 0:00:00]} 3. g3 {[%emt 0:00:09]} Nf6 {[%emt 0:00:03]} 4. Bg2 {[%emt 0:00:07]} d6 {[%emt 0:00:23]} 5. d3 {[%emt 0:00:15]} Be6 {[%emt 0:00:42]} 6. Be3 {[%emt 0:02:16]} Qd7 {[%emt 0:04:44]} 7. h3 {[%emt 0:01:20]} d5 {[%emt 0:04:35]} 8. Bd2 {[%emt 0:10:31]} dxe4 {[%emt 0:05:57]} 9. dxe4 {[%emt 0:05:43]} O-O-O {[%emt 0:01:14]} 10. Nf3 {[%emt 0:07:46]} Bb4 {[%emt 0:03:20]} 11. Qe2 {[%emt 0:12:12]} Nd4 {[%emt 0:18:05]} 12. Nxd4 {[%emt 0:04:07]} Qxd4 {[%emt 0:01:25]} 13. O-O-O {[%emt 0:04:56]} Qc4 {[%emt 0:08:57]} 14. Qxc4 {[%emt 0:05:01]} Bxc4 {[%emt 0:00:20]} 15. a3 {[%emt 0:00:23]} Bc5 {[%emt 0:01:05]} 16. f4 {[%emt 0:07:38]} Bd4 {[%emt 0:06:43]} 17. Nb1 {[%emt 0:12:24]} exf4 {[%emt 0:07:56]} 18. gxf4 {[%emt 0:00:39]} Nh5 {[%emt 0:00:15]} 19. Bf3 {[%emt 0:07:45]} Ng3 {[%emt 0:02:33]} 20. Rh2 {[%emt 0:00:04]} h5 {[%emt 0:00:17]} 21. h4 {[%emt 0:00:32]} Rhe8 {[%emt 0:01:56]} 22. Re1 {[%emt 0:01:06]} Nf1 {[%emt 0:01:42]} 23. Rg2 {[%emt 0:00:36]} g6 {[%emt 0:00:38]} 24. Be2 {[%emt 0:05:25]} Nxd2 {[%emt 0:01:23]} 25. Nxd2 {[%emt 0:00:14]} Bxb2+ {[%emt 0:04:14]} 26. Kxb2 {[%emt 0:00:39]} Rxd2 {[%emt 0:00:05]} 27. Bg4+ {[%emt 0:00:12]} Rd7 {[%emt 0:02:43]} 28. Bxd7+ {[%emt 0:00:23]} Kxd7 {[%emt 0:00:04]} 29. Rd2+ {[%emt 0:00:50]} Kc8 {[%emt 0:03:03]} 30. Kc3 {[%emt 0:00:36]} Be6 {[%emt 0:00:28]} 31. Rd4 {[%emt 0:01:09]} Rd8 {[%emt 0:00:19]} 32. Red1 {[%emt 0:00:28]} Rxd4 {[%emt 0:00:00]} 33. Rxd4 {[%emt 0:00:07]} c6 {[%emt 0:00:35]} 34. Ra4 {[%emt 0:02:55]} a6 {[%emt 0:00:32]} 35. Kd4 {[%emt 0:00:10]} Kd7 {[%emt 0:01:51]} 36. Ke5 {[%emt 0:01:27]} Ke7 {[%emt 0:00:23]} 37. Rb4 {[%emt 0:00:50]} Bc8 {[%emt 0:01:14]} 38. Rb1 {[%emt 0:01:10]} f6+ {[%emt 0:01:20]} 39. Kd4 {[%emt 0:00:08]} Kd6 {[%emt 0:05:02]} 40. c3 {[%emt 0:02:10]} c5+ {[%emt 0:00:09]} 41. Ke3 {[%emt 0:30:17]} b5 {[%emt 0:30:31]} 42. Rd1+ {[%emt 0:00:39]} Ke7 {[%emt 0:03:08]} 43. Rd5 {[%emt 0:00:20]} c4 {[%emt 0:00:22]} 44. Kd4 {[%emt 0:00:14]} Be6 {[%emt 0:00:29]} 45. Rc5 {[%emt 0:00:10]} Kd7 {[%emt 0:01:13]} 46. e5 {[%emt 0:04:41]} f5 {[%emt 0:00:26]} 47. Ke3 {[%emt 0:00:35]} Bf7 {[%emt 0:01:04]} 48. e6+ {[%emt 0:00:52]} Bxe6 {[%emt 0:00:21]} 49. Re5 {[%emt 0:00:06]} Kd6 {[%emt 0:00:18]} 50. Kd4 {[%emt 0:00:08]} Bf7 {[%emt 0:00:29]} 51. Re1 {[%emt 0:00:14]} Be6 {[%emt 0:00:35]} 52. Re2 {[%emt 0:00:24]} Bf7 {[%emt 0:00:14]} 53. Re5 {[%emt 0:00:50]} Be6 {[%emt 0:00:26]} 54. a4 {[%emt 0:00:21]} Bd7 {[%emt 0:01:37]} 55. Rd5+ {[%emt 0:01:13]} Kc6 {[%emt 0:00:59]} 56. axb5+ {[%emt 0:00:34]} axb5 {[%emt 0:00:05]} 57. Rxd7 {[%emt 0:00:43]} Kxd7 {[%emt 0:00:06]} 58. Kc5 {[%emt 0:00:03]} g5 {[%emt 0:01:02]} 59. fxg5 {[%emt 0:00:02]} f4 {[%emt 0:00:08]} 60. Kd4 {[%emt 0:00:02]} Ke6 {[%emt 0:00:17]} 61. Ke4 {[%emt 0:00:10]} b4 {[%emt 0:00:32]} 62. cxb4 {[%emt 0:01:49]} c3 {[%emt 0:00:17]} 63. Kd3 {[%emt 0:00:35]} f3 {[%emt 0:00:17]} 64. b5 {[%emt 0:00:33]} f2 {[%emt 0:00:18]} 65. Ke2 {[%emt 0:00:04]} c2 {[%emt 0:00:15]} 66. b6 {[%emt 0:00:35]} c1=Q {[%emt 0:11:16]} 67. Kxf2 {[%emt 0:00:14]} Qc5+ {[%emt 0:00:00]} 68. Ke1 {[%emt 0:03:09]} 0-1

[Event "FRA-chTW Top 12 2019"]
[Site "Vandoeuvre"]
[Date "2019.05.03"]
[Round "2.8"]
[White "Saliou, Sarah"]
[Black "Choisy, Mathilde"]
[Result "1/2-1/2"]
[WhiteElo "1696"]
[BlackElo "2113"]
[Annotator "NA"]
[PlyCount "56"]
[EventDate "2019.05.02"]
[EventType "team-tourn"]
[EventCountry "FRA"]
[SourceTitle "playchess.com"]
[Source "ChessBase"]
[SourceQuality "1"]
[TimeControl "40/5400+30:1800+30"]

1. c4 {[%emt 0:00:00]} e5 {[%emt 0:00:00]} 2. g3 {[%emt 0:00:00]} Nc6 {[%emt 0:00:00]} 3. Bg2 {[%emt 0:00:00]} g6 {[%emt 0:00:16]} 4. Nc3 {[%emt 0:00:00]} Bg7 {[%emt 0:00:06]} 5. e3 {[%emt 0:00:19]} d6 {[%emt 0:02:04]} 6. Nge2 {[%emt 0:00:20]} Nh6 {[%emt 0:08:24]} 7. d3 {[%emt 0:04:09]} O-O {[%emt 0:00:23]} 8. Rb1 {[%emt 0:00:24]} a5 {[%emt 0:02:38]} 9. a3 {[%emt 0:03:35]} Be6 {[%emt 0:02:11]} 10. b4 {[%emt 0:01:43]} axb4 {[%emt 0:00:05]} 11. axb4 {[%emt 0:00:04]} Rb8 {[%emt 0:00:52]} 12. b5 {[%emt 0:04:55]} Ne7 {[%emt 0:00:39]} 13. Nd5 {[%emt 0:00:40]} Qd7 {[%emt 0:11:17]} 14. O-O {[%emt 0:07:10]} Nxd5 {[%emt 0:05:50]} 15. cxd5 {[%emt 0:00:37]} Bh3 {[%emt 0:00:55]} 16. Ba3 {[%emt 0:13:19]} b6 {[%emt 0:04:27]} 17. Rb4 {[%emt 0:10:58]} Bxg2 {[%emt 0:01:15]} 18. Kxg2 {[%emt 0:00:06]} Rbe8 {[%emt 0:06:04]} 19. e4 {[%emt 0:31:46]} f5 {[%emt 0:08:32]} 20. f4 {[%emt 0:01:05]} Ng4 {[%emt 0:05:39]} 21. Bc1 {[%emt 0:01:26]} Nf6 {[%emt 0:03:50]} 22. Qc2 {[%emt 0:03:00]} Rf7 {[%emt 0:06:02]} 23. fxe5 {[%emt 0:03:57]} dxe5 {[%emt 0:00:12]} 24. Qc6 {[%emt 0:01:40]} Qxc6 {[%emt 0:07:12]} 25. bxc6 {[%emt 0:00:26]} Bf8 {[%emt 0:01:06]} 26. Ra4 {[%emt 0:01:18]} fxe4 {[%emt 0:01:09]} 27. dxe4 {[%emt 0:00:10]} b5 {[%emt 0:08:02]} 28. Ra7 {[%emt 0:02:10]} Bd6 {[%emt 0:00:00]} 1/2-1/2

[Event "FRA-chTW Top 12 2019"]
[Site "Vandoeuvre"]
[Date "2019.05.03"]
[Round "2.8"]
[White "Gromas, Hermine"]
[Black "Aggoune, Liza"]
[Result "0-1"]
[WhiteElo "1476"]
[BlackElo "1769"]
[Annotator "NA"]
[PlyCount "84"]
[EventDate "2019.05.02"]
[EventType "team-tourn"]
[EventCountry "FRA"]
[SourceTitle "playchess.com"]
[Source "ChessBase"]
[SourceQuality "1"]
[TimeControl "40/5400+30:1800+30"]

1. d4 {[%emt 0:00:00]} d5 {[%emt 0:00:09]} 2. c4 {[%emt 0:00:00]} c6 {[%emt 0:00:08]} 3. Nc3 {[%emt 0:00:00]} e6 {[%emt 0:00:21]} 4. cxd5 {[%emt 0:00:04]} exd5 {[%emt 0:00:10]} 5. Bf4 {[%emt 0:00:48]} Nf6 {[%emt 0:01:21]} 6. e3 {[%emt 0:00:55]} Bf5 {[%emt 0:03:06]} 7. Nf3 {[%emt 0:01:43]} Nbd7 {[%emt 0:03:20]} 8. Be2 {[%emt 0:02:14]} Be7 {[%emt 0:00:57]} 9. O-O {[%emt 0:00:38]} O-O {[%emt 0:00:59]} 10. h3 {[%emt 0:09:05]} Re8 {[%emt 0:11:59]} 11. Rc1 {[%emt 0:11:44]} Ne4 {[%emt 0:11:41]} 12. Bd3 {[%emt 0:20:32]} Ndf6 {[%emt 0:07:39]} 13. Qe2 {[%emt 0:05:28]} Qd7 {[%emt 0:07:07]} 14. Rfd1 {[%emt 0:05:33]} Rad8 {[%emt 0:25:52]} 15. Ne5 {[%emt 0:25:56]} Qe6 {[%emt 0:08:25]} 16. Na4 {[%emt 0:08:34]} Nd7 {[%emt 0:02:58]} 17. Nxd7 {[%emt 0:01:28]} Qxd7 {[%emt 0:00:39]} 18. a3 {[%emt 0:01:48]} Nf6 {[%emt 0:04:37]} 19. Bxf5 {[%emt 0:01:35]} Qxf5 {[%emt 0:00:18]} 20. b4 {[%emt 0:00:43]} Rc8 {[%emt 0:04:14]} 21. Nc5 {[%emt 0:00:31]} Bxc5 {[%emt 0:00:07]} 22. bxc5 {[%emt 0:00:05]} Qxf4 {[%emt 0:00:06]} 23. Qb2 {[%emt 0:01:19]} Qc7 {[%emt 0:00:24]} 24. Rb1 {[%emt 0:00:22]} Rb8 {[%emt 0:00:32]} 25. Rd3 {[%emt 0:00:35]} Nd7 {[%emt 0:02:48]} 26. Rb3 {[%emt 0:00:17]} b6 {[%emt 0:00:54]} 27. cxb6 {[%emt 0:00:36]} Rxb6 {[%emt 0:00:21]} 28. Rxb6 {[%emt 0:00:54]} axb6 {[%emt 0:00:04]} 29. Rc1 {[%emt 0:00:15]} Rb8 {[%emt 0:01:02]} 30. Qa2 {[%emt 0:00:44]} Qd6 {[%emt 0:00:14]} 31. a4 {[%emt 0:00:26]} Ra8 {[%emt 0:01:10]} 32. Qc2 {[%emt 0:00:34]} c5 {[%emt 0:00:31]} 33. dxc5 {[%emt 0:00:25]} Nxc5 {[%emt 0:01:02]} 34. Ra1 {[%emt 0:00:36]} Qc6 {[%emt 0:00:52]} 35. Qd1 {[%emt 0:00:31]} Rxa4 {[%emt 0:00:21]} 36. Rc1 {[%emt 0:00:30]} Ra8 {[%emt 0:00:26]} 37. Rc2 {[%emt 0:00:30]} Qe6 {[%emt 0:00:42]} 38. Rd2 {[%emt 0:00:29]} Rd8 {[%emt 0:00:20]} 39. Rd4 {[%emt 0:00:30]} Nb7 {[%emt 0:00:59]} 40. e4 {[%emt 0:00:58]} Qd6 {[%emt 0:00:28]} 41. exd5 {[%emt 0:30:02]} Nc5 {[%emt 0:30:26]} 42. Rd3 {[%emt 0:00:30]} Nxd3 {[%emt 0:00:02]} 0-1

[Event "FRA-chTW Top 12 2019"]
[Site "Vandoeuvre"]
[Date "2019.05.03"]
[Round "2.9"]
[White "Paehtz, Elisabeth"]
[Black "Collas, Silvia"]
[Result "1-0"]
[WhiteElo "2470"]
[BlackElo "2279"]
[Annotator "TA"]
[PlyCount "45"]
[EventDate "2019.05.02"]
[EventType "team-tourn"]
[EventCountry "FRA"]
[SourceTitle "playchess.com"]
[Source "ChessBase"]
[SourceQuality "1"]

{[%evp 18,45,39,39,55,63,54,55,63,38,46,43,39,29,37,38,42,33,37,30,33,41,43,35,382,375,360,368,352,350]} 1. d4 (1. e4 c6 2. d4 d5 3. exd5 cxd5 4. Bd3 Nc6 5. c3 Nf6 6. Bf4 e6 7. Nf3 Bd6 8. Bxd6 Qxd6 9. O-O O-O {½-½ (10) Rasulov,V (2509)-Benidze,D (2476) Canakkale 2017}) 1... Nf6 2. Nf3 e6 3. Bf4 d5 4. e3 Bd6 5. Nbd2 O-O 6. Bd3 c5 7. c3 cxd4 8. Bxd6 Qxd6 9. exd4 Nc6 10. O-O e5 {B13: Caro-Kann: Exchange Variation and Panov-Botvinnik Attack} 11. dxe5 Nxe5 12. Nxe5 Qxe5 {White is slightly better.} 13. Nf3 Qd6 14. h3 Bd7 15. Bc2 Rfe8 $146 ({Predecessor:} 15... b5 16. Qd4 a5 17. Ne5 Rab8 18. Nxd7 Qxd7 {½-½ (30) Bit Narva,D (2019)-Fransson,P (2117) Sweden 2017}) 16. Qd4 Re2 17. Rac1 a6 18. Rfe1 Rae8 19. Rxe2 Rxe2 20. a4 Ne4 $2 {[%mdl 8192] [#]} ({Black should play} 20... Nh5 $14) 21. Bd3 $1 $18 {[%cal Rd3e2] White is winning.} Qf4 22. Rd1 ({But not} 22. Rb1 Rxf2 23. Bxe4 Qxe4 $18) 22... Rxb2 23. Bxe4 {[%mdl 64] Pin. Accuracy: White = 65%, Black = 53%.} 1-0

[Event "FRA-chTW Top 12 2019"]
[Site "Vandoeuvre"]
[Date "2019.05.03"]
[Round "2.9"]
[White "Skripchenko, Almira"]
[Black "Cramling, Pia"]
[Result "1/2-1/2"]
[WhiteElo "2406"]
[BlackElo "2454"]
[Annotator "TA"]
[PlyCount "39"]
[EventDate "2019.05.02"]
[EventType "team-tourn"]
[EventCountry "FRA"]
[SourceTitle "playchess.com"]
[Source "ChessBase"]
[SourceQuality "1"]

{[%evp 20,37,0,0,4,0,2,0,4,0,3,0,12,9,9,9,6,11,12,9]} 1. e4 c5 2. c3 Nf6 3. e5 Nd5 4. d4 cxd4 5. Nf3 Nc6 6. cxd4 d6 7. Bc4 Nb6 8. Bb5 dxe5 9. Nxe5 Bd7 10. Nxd7 Qxd7 11. Nc3 {The position is equal.} Rd8 {B22: Sicilian: 2 c3} 12. O-O e6 13. Be3 Be7 14. Qf3 (14. Qb3 O-O 15. Rad1 Qd6 16. a3 Na5 17. Qa2 Nd5 18. Be2 Nc6 19. Nxd5 exd5 20. g3 {½-½ (57) Boruchovsky,A (2558)-Yilmaz,M (2624) Rio Achaea 2018}) 14... O-O 15. Rfd1 Nd5 16. Nxd5 Qxd5 17. Qxd5 Rxd5 18. Bxc6 bxc6 19. Rac1 {Predecessor:} Ra5 $146 20. a3 {½-½ (27) Balutescu,M (2389)-Vohl,G (2388) ICCF email 2016} 1/2-1/2

[Event "FRA-chTW Top 12 2019"]
[Site "Vandoeuvre"]
[Date "2019.05.03"]
[Round "2.10"]
[White "Cornette, Deimante"]
[Black "Gaponenko, Inna"]
[Result "1/2-1/2"]
[WhiteElo "2433"]
[BlackElo "2445"]
[Annotator "TA"]
[PlyCount "35"]
[EventDate "2019.05.02"]
[EventType "team-tourn"]
[EventCountry "FRA"]
[SourceTitle "playchess.com"]
[Source "ChessBase"]
[SourceQuality "1"]

{[%evp 12,35,39,39,35,30,24,34,29,27,37,12,27,0,25,1,5,0,8,0,11,8,5,-12,-14,-6]} 1. e4 c5 2. Nc3 Nc6 3. Bb5 Nd4 4. Bc4 g6 5. Nf3 Bg7 6. Nxd4 cxd4 7. Qf3 $1 {[%csl Gc4][%cal Rf3f7] [#]} Nf6 {B23: Closed Sicilian: Lines without g3} (7... f5 8. Ne2 Qa5 9. c3 dxc3 10. dxc3 Nf6 11. exf5 Qxf5 12. Qxf5 gxf5 13. Bf4 d6 14. Rd1 Bd7 15. O-O {1-0 (69) Wei,Y (2724)-Dubov,D (2661) Ningbo 2015}) 8. e5 dxc3 9. dxc3 Qb6 {White is slightly better.} 10. exf6 Qxf6 11. Qxf6 Bxf6 12. Be3 b6 13. Bd5 Rb8 {The position is equal.} 14. O-O-O Bb7 15. Rhe1 $146 {Threatening Bf4.} ({Predecessor:} 15. a4) 15... Bxd5 16. Rxd5 d6 17. Bd4 Bxd4 18. Rxd4 1/2-1/2